000 00498nam a2200193Ia 4500
005 20240320130414.0
008 131103s9999 xx 000 0 und d
040 _aLoreto College
041 _aEnglish
082 _a150.287
_bBAL
100 _aBallard, Philip Boswood
245 4 _aThe New Examiner
_cPhilip Boswood Ballard
260 _aLondon
_bUniversity Of London
_c1949
300 _a269 p.
504 _aIncludes index
650 _aPsychology
850 _aLCBED
942 _cBK
999 _c27445
_d77924